00638nam a22001697a 450000500170000001000120001702000110002903500120004003700140005208200110006610000550007724501410013224601060027326000570037927000120043630000200044820200218153349.0 aB-77910 c250.00 aB-77910 bBPPD/Pub. a954.53 aفصیح الدین بلخی عظیم آبادی aتارخ مگدھ : صوبہ بہار کی مکمل تاریخ 642 ق م - 1943 ء /cفصیح الدین بلخی عظیم آبادی aTarikh-i-Magadh: A Comprehensive History of Bihar 642 BC to 1943 AD /bby Fasihuddin Balkhi Azimabadi aPatnabKhuda Bakhsh Oriental Public Libraryc2001 ء a-b-e- a381p.c22cm(Hb)